00368cam a22000977a 4500008003600000082001600036245009400052260004600146500002600192700005200218180718b xxu||||| |||| 00| 0 eng d aO96x42 1955 aDomestic food consumption and expenditurecby Ministry of Agriculture, Fisheries and food aLondonbHer Majesty's Stationery Officec aLibrary has 1955-1960 aU.K.Ministry of Agriculture, Fisheries and food